[Event "Sharjah Ramadan op rapid"]
[Site "Sharjah"]
[Date "2019.05.14"]
[Round "5"]
[White "Al Housa, Khalil"]
[Black "Adithya, Sarma"]
[Result "0-1"]
[WhiteElo "1630"]
[BlackElo "1295"]
[PlyCount "108"]
[EventDate "2019.05.13"]
[EventType "swiss (rapid)"]
[EventRounds "9"]
[EventCountry "UAE"]
[SourceTitle "CBM 190 Extra"]
[Source "ChessBase"]
[SourceDate "2019.07.15"]
[SourceVersion "1"]
[SourceVersionDate "2019.07.15"]
[SourceQuality "1"]

1. e4 e5 2. Nf3 Nc6 3. Bb5 a6 4. Ba4 Bc5 5. c3 Nf6 6. d4 exd4 7. cxd4 Bb4+ 8. Bd2 Bxd2+ 9. Nbxd2 0-0 10. e5 Nd5 11. 0-0 d6 12. exd6 Qxd6 13. Ne4 Qg6 14. Bc2 Qh5 15. Ng3 Qg4 16. h3 Qf4 17. Re1 Be6 18. Re4 Qd6 19. Qd2 Ncb4 20. Bb1 Rfe8 21. Rh4 Nf6 22. Ng5 h6 23. N5e4 Nxe4 24. Nxe4 Qe7 25. Rxh6 Bd5 26. Nc5 Qe1+ 27. Qxe1 Rxe1+ 28. Kh2 gxh6 29. Bh7+ Kxh7 30. Rxe1 Nc6 31. Nd7 Kg7 32. a3 Be6 33. Nc5 Nxd4 34. b4 b6 35. Nd3 Rd8 36. Ne5 Kf6 37. f4 Nc2 38. Rc1 Bf5 39. g4 Rd2+ 40. Kg3 Be4 41. h4 c5 42. bxc5 bxc5 43. Rb1 Nxa3 44. Rb6+ Kg7 45. Rxa6 Nc2 46. Ra7 Bd5 47. Rd7 Ne3 48. f5 Kf6 49. Nxf7 Rg2+ 50. Kf4 Bxf7 51. g5+ hxg5+ 52. hxg5+ Rxg5 53. Rxf7+ Kxf7 54. Kxg5 c4 0-1

[Event "Sharjah op rapid"]
[Site "Sharjah"]
[Date "2018.05.24"]
[Round "3"]
[White "Hilwani, Talal"]
[Black "Al Housa, Khalil"]
[Result "1-0"]
[WhiteElo "2274"]
[BlackElo "1729"]
[PlyCount "83"]
[EventDate "2018.05.23"]
[EventType "swiss (rapid)"]
[EventRounds "9"]
[EventCountry "UAE"]
[SourceTitle "CBM 184 Extra"]
[Source "ChessBase"]
[SourceDate "2018.06.28"]
[SourceVersion "1"]
[SourceVersionDate "2018.06.28"]
[SourceQuality "1"]

1. c4 c5 2. Nf3 Nf6 3. Nc3 Nc6 4. g3 g6 5. Bg2 Bg7 6. d4 cxd4 7. Nxd4 0-0 8. 0-0 e5 9. Ndb5 a6 10. Nd6 Nd4 11. e3 Nc6 12. b3 Ne8 13. Bb2 Nxd6 14. Qxd6 Re8 15. Rfd1 Bf8 16. Qd2 Re6 17. Bh3 Re8 18. Bxd7 Bxd7 19. Qxd7 Qb8 20. Nd5 Rd8 21. Qh3 Bg7 22. Nb6 Ra7 23. Rd7 Rxd7 24. Qxd7 Qd8 25. Qxd8+ Nxd8 26. Rd1 Ne6 27. Rd5 f6 28. Bc3 Bf8 29. b4 Be7 30. Rd7 Bd8 31. Nd5 a5 32. b5 h5 33. f4 Ra8 34. fxe5 Nc5 35. Rd6 Kf7 36. Bd4 Ne4 37. e6+ Kf8 38. Rd7 Rc8 39. Rxd8+ Rxd8 40. e7+ Ke8 41. exd8Q+ Kxd8 42. Nc3 1-0

[Event "Dubai op 5th"]
[Site "Dubai"]
[Date "2003.04.22"]
[Round "2"]
[White "Al Housa, Khalil"]
[Black "Coleman, James"]
[Result "0-1"]
[WhiteElo "1800"]
[BlackElo "2198"]
[PlyCount "116"]
[EventDate "2003.04.20"]
[EventType "swiss"]
[EventRounds "9"]
[EventCountry "UAE"]
[SourceTitle "CBM 093 Extra"]
[Source "ChessBase"]
[SourceDate "2003.05.09"]
[SourceVersion "1"]
[SourceVersionDate "2003.05.09"]
[SourceQuality "1"]

1. e4 e5 2. Nf3 Nc6 3. Bb5 Nf6 4. 0-0 Nxe4 5. d4 Nd6 6. Bxc6 dxc6 7. dxe5 Nf5 8. Qe2 Nd4 9. Nxd4 Qxd4 10. Rd1 Qg4 11. f3 Qh4 12. Be3 Bf5 13. Nc3 Be7 14. Rd4 Qh5 15. Rf4 Qg6 16. Ne4 0-0 17. c4 Rfd8 18. Qc2 Kh8 19. Qc3 b6 20. Rf1 Rd7 21. Nf2 Rad8 22. h4 h6 23. Kh2 Be6 24. a3 Qh5 25. Kg3 c5 26. b3 Qg6+ 27. Kh2 Qh5 28. Kg3 Rg8 29. Rh1 f6 30. exf6 Bxf6 31. Rxf6 gxf6+ 32. Kh2 Qe5+ 33. Qxe5 fxe5 34. g4 Rf7 35. Kg2 Kh7 36. Ne4 Rd8 37. g5 Rd3 38. Kf2 Rxb3 39. h5 Rb2+ 40. Kg3 Rf5 41. Nf6+ Kh8 42. Ne4 Rb3 43. Kf2 hxg5 44. Rg1 g4 45. Nd2 Rxa3 46. Rxg4 Rxf3+ 47. Kxf3 Bxg4+ 48. Ke4 Bxh5 49. Bg5 Kg7 50. Kxe5 Rd3 51. Bf4 a5 52. Ne4 a4 53. Nf2 Rf3 54. Ne4 a3 55. Bc1 a2 56. Bb2 Rf1 57. Ng3 Re1+ 58. Kf4+ Kg6 0-1